| 000 | 01211nam a22003737a 4500 | ||
|---|---|---|---|
| 003 | CHAP | ||
| 005 | 20220329143721.0 | ||
| 008 | 110404s1979 mx r 00010 spa d | ||
| 010 | _a100843 | ||
| 011 | _a101815 | ||
| 020 | _a9684290004 | ||
| 035 | _a112503 | ||
| 040 | _cCHAP | ||
| 082 | 0 | 4 |
_a370.19 _bM92 1979 |
| 245 | 0 | 3 |
_aUn mundo sin escuelas _c/por Ivan Illich ...[et al.] |
| 250 | _a3 ed. | ||
| 260 |
_aMéxico, D.F. : _bNueva Imagen, _c1979 |
||
| 300 | _a203 p. | ||
| 490 | _aEducación | ||
| 534 |
_pTít. original : _tAfter deschooling, what?. _c[E.U.A.] : Social Policy, c1973, _b1 ed. |
||
| 590 |
_aBATCH-UPD _b10 _c20130110 _lUCH01 _h1000 |
||
| 590 |
_aBATCH-UPD _b10 _c20130410 _lUCH01 _h0612 |
||
| 590 |
_aBATCH-UPD _b10 _c20130914 _lUCH01 _h1239 |
||
| 590 |
_aBATCH-UPD _b10 _c20191001 _lUCH01 _h1053 |
||
| 590 |
_aCONVERSION _b10 _c20130109 _lUCH01 _h1356 |
||
| 650 | 1 | 4 |
_aEducación pública _935585 |
| 650 | 1 | 4 |
_aEducación _xFilosofía. _935446 |
| 650 | 1 | 4 |
_aSociología educativa. _9108211 |
| 700 | 1 |
_aIllich, Ivan. _957420 |
|
| 830 |
_aEducación _935410 |
||
| 901 | _aBK | ||
| 942 | _cLIBRO | ||
| 949 |
_a370.19 M92 1979 _bBC _cLIBRO _d33724002236644 _eLIBRO _gDonaciØn _h114585 _i112503 _sb |
||
| 999 |
_c100843 _d100843 |
||